000 00617nam a2200217Ii 4500
001 13977
003 CO-ViMGA
008 241108s9999||||xx |||||||||||||| ||und||
020 _a9803880691
040 _aCO-ViMGA
_bspa
_erda
_cCO-ViMGA
041 0 _aspa
082 0 4 _a925.2 - U75g
100 1 _aArturo Uslar Pietri
_945034
245 1 0 _aGalileo Galilei
264 1 _aCaracas, Venezuela : Los Libros de el nacional, 2005
300 _avolumen
336 _atext
_btxt
_2rdacontent
337 _aunmediated
_bn
_2rdamedia
338 _avolume
_bnc
_2rdacarrier
940 _aidficha_siabuc: 13675. -- ficha_no_siabuc:13977
999 _c39516
_d39516